¿Tienes miedo a la oscuridad? / (Registro nro. 166)
[ vista simple ]
| 000 -LEADER | |
|---|---|
| fixed length control field | 01574nam a22002057a 4500 |
| 003 - CONTROL NUMBER IDENTIFIER | |
| control field | OSt |
| 005 - DATE AND TIME OF LATEST TRANSACTION | |
| control field | 20231222114432.0 |
| 008 - FIXED-LENGTH DATA ELEMENTS--GENERAL INFORMATION | |
| fixed length control field | 231220s2008 ag ||||| |||| 00| 1 spa d |
| 020 ## - INTERNATIONAL STANDARD BOOK NUMBER | |
| International Standard Book Number | 9789875802575 |
| 040 ## - CATALOGING SOURCE | |
| Transcribing agency | besoc |
| 100 1# - MAIN ENTRY--PERSONAL NAME | |
| Personal name | Sheldon, Sidney, |
| Relator term | autor |
| Dates associated with a name | 1917-2007 |
| 245 11 - TITLE STATEMENT | |
| Title | ¿Tienes miedo a la oscuridad? / |
| Statement of responsibility, etc. | Sidney Sheldon ; traductor Julio Sierra |
| 260 ## - PUBLICATION, DISTRIBUTION, ETC. | |
| Place of publication, distribution, etc. | Buenos Aires : |
| Name of publisher, distributor, etc. | Booket, |
| Date of publication, distribution, etc. | 2008 |
| 300 ## - PHYSICAL DESCRIPTION | |
| Extent | 338 p. |
| 490 0# - SERIES STATEMENT | |
| Series statement | Biblioteca Sidney Sheldon |
| 520 ## - SUMMARY, ETC. | |
| Summary, etc. | En Berlín, una mujer es secuestrada en plena calle; en París, un hombre se tira desde la Torre Eiffel; en Denver, un pequeño avión choca contra una montaña y en Nueva York, el East River arroja un cadáver a la playa. Kelly Harris y Diane Stevens -ambas jóvenes viudas de dos de los asesinados- se encuentran en Nueva York, donde Tanner Kingsley, el jefe de KIG, les asegura que está poniendo todo su esfuerzo en averiguar quién los mató. Puede que sea tarde, porque ahora alguien está tratando de matarlas a ellas. ¿Quién y por qué? Forzadas a estar unidas para protegerse, tratan de encontrar una respuesta mientras participan de un espeluznante juego del gato y el ratón contra fuerzas desconocidas que quieren aniquilarlas. Tensa, electrizante, perturbadora, la esperada nueva novela de Sidney Sheldon muestra al autor de éxitos inolvidables en plena posesión de sus recursos para crear thrillers que mantienen en vilo al lector hasta la última página. |
| 650 #4 - SUBJECT ADDED ENTRY--TOPICAL TERM | |
| Topical term or geographic name entry element | Literatura norteamericana |
| Form subdivision | Novela |
| Chronological subdivision | Siglo XX |
| 700 1# - ADDED ENTRY--PERSONAL NAME | |
| Personal name | Sierra, Julio |
| Relator term | traductor |
| 942 ## - ADDED ENTRY ELEMENTS (KOHA) | |
| Source of classification or shelving scheme | Universal Decimal Classification |
| Koha item type | Obra General |
| Suppress in OPAC | No |
| Withdrawn status | Lost status | Source of classification or shelving scheme | Damaged status | Not for loan | Collection | Home library | Current library | Date acquired | Total checkouts | Full call number | Barcode | Date last seen | Price effective from | Koha item type |
|---|---|---|---|---|---|---|---|---|---|---|---|---|---|---|
| Universal Decimal Classification | Colección General | Biblioteca Escuela de Ciencias Sociales | Biblioteca Escuela de Ciencias Sociales | 22/12/2023 | 82-31(73) SH544 | 000953 | 22/12/2023 | 22/12/2023 | Obra General |